| 000 | 00967cam a2200337 4500 | ||
|---|---|---|---|
| 008 | 000000n2000 000 0 eng u | ||
| 020 | _a1903570026 | ||
| 035 | _a(Sirsi) u107365 | ||
| 041 | _aeng | ||
| 050 | _a690.241 | ||
| 110 |
_aHistoric Scotland _92914 |
||
| 245 | _aCost Action C5 Urban heritage - building maintenance. Working Group 5 Lime technology workshop on rendered facades. Stockholm 13-15 September 1998 | ||
| 260 |
_aEdinburgh _bHistoric Scotland _c2000 |
||
| 300 | _aviii,36p. : ill. ; 30cm. | ||
| 350 | _a0 | ||
| 490 | _aConference Proceedings | ||
| 650 | _aBELGIUM | ||
| 650 | _aFINLAND | ||
| 650 | _aGERMANY | ||
| 650 | _aHISTORIC BUILDINGS | ||
| 650 | _aHISTORIC SCOTLAND | ||
| 650 | _aITALY | ||
| 650 | _aLIME RENDERS | ||
| 650 | _aNORWAY | ||
| 650 | _aPORTUGAL | ||
| 650 | _aSWEDEN | ||
| 690 | _aBUILT ENVIRONMENT-BUILDING MATERIALS | ||
| 690 | _aCONSERVATION | ||
| 700 | _aMaxwell, Ingval (ed) | ||
| 942 | _n0 | ||
| 999 |
_c100688 _d100688 |
||